|
|
|
|
| LEADER |
00906nab a2200217 i 4500 |
| 001 |
acta24572 |
| 005 |
20220722141255.0 |
| 008 |
161017s1974 hu o 0|| eng d |
| 022 |
|
|
|a 0365-8066
|
| 040 |
|
|
|a SZTE Egyetemi Kiadványok Repozitórium
|b hun
|
| 041 |
|
|
|a eng
|
| 100 |
1 |
|
|a Grasselly Gyula
|
| 245 |
1 |
0 |
|a Contributions to the interpretation of soluble organic materials of sedimentary rocks
|h [elektronikus dokumentum] /
|c Grasselly Gyula
|
| 260 |
|
|
|a University of Szeged, Department of Mineralogy, Geochemistry and Petrology
|b Szeged
|c 1974
|
| 300 |
|
|
|a 199-206
|
| 490 |
0 |
|
|a Acta mineralogica-petrographica
|v 21 No. 2
|
| 650 |
|
4 |
|a Természettudományok
|
| 650 |
|
4 |
|a Föld- és kapcsolódó környezettudományok
|
| 695 |
|
|
|a Kőzettan, Ásványtan, Földtan
|
| 700 |
0 |
1 |
|a Hetényi Magdolna
|e aut
|
| 856 |
4 |
0 |
|u http://acta.bibl.u-szeged.hu/24572/1/mineralogica_021_fasc_002_199-206.pdf
|z Dokumentum-elérés
|